Closest Countries to Spain Quiz Stats

Quiz Updated Jul 23, 2016

Challenge
Share
Tweet
Embed
Score 0/20 Timer 03:00
3 Plays Today
Distance Country % Correct
334 kmItaly
96.6%
668 kmGermany
94.3%
738 kmUnited Kingdom
91.2%
803 kmBelgium
88.4%
467 kmSwitzerland
88%
944 kmNetherlands
84.7%
723 kmAustria
82.9%
22 kmAlgeria
79.3%
808 kmLuxembourg
79.2%
860 kmIreland
78.1%
Distance Country % Correct
367 kmMonaco
76.2%
473 kmTunisia
75.2%
718 kmVatican City
71.8%
715 kmLiechtenstein
69.2%
757 kmSan Marino
68%
961 kmMalta
62.1%
893 kmSlovenia
55.9%
880 kmCroatia
49%
315 kmMauritania
47.7%
815 kmMali
47.3%

You're not logged in!

Compare scores with friends on all Sporcle quizzes.
Sign Up with Email
OR
Log In

You Might Also Like...

Show Comments

Extras

Top Quizzes Today


Score Distribution

Your Account Isn't Verified!

In order to create a playlist on Sporcle, you need to verify the email address you used during registration. Go to your Sporcle Settings to finish the process.